Biggest African Cities by Letter - V - Statistics

General Stats
  • This quiz has been taken 106 times
    77 since last reset
  • The average score is 2 of 9
Answer Stats
Pop Country Hint City % Correct
66,208 South Africa Not the US State Virginia
85%
35,199 Zimbabwe Queenly named waterfall Victoria Falls
66%
377,922 South Africa Vaal Triangle Vereeniging
34%
107,433 Mauritius Merged cities Vacoas-Phoenix
29%
53,353 Kenya Tsavo National Park Voi
9%
67,096 Ivory Coast Sassandra region Vavoua
6%
46,639 South Africa "Texas of South Africa" Vryburg
6%
37,176 Mozambique Bazaruto Archipelago Vilankulo
3%
38,382 South Africa West Cape coastal city Vredenburg
2%
No matching quizzes found
Score Distribution
Percent of People with Each Score
Percentile by Number Answered
Your Score History
You have not taken this quiz since the last reset